[Event "POL-ch (Public Admin) 3rd rapid"]
[Site "Warsaw"]
[Date "2017.12.09"]
[Round "9.2"]
[White "Przedmojski, Rafal"]
[Black "Siwiec, Bartlomiej"]
[Result "1-0"]
[WhiteElo "2243"]
[BlackElo "2217"]
[PlyCount "69"]
[EventDate "2017.12.09"]
[EventType "swiss (rapid)"]
[EventRounds "9"]
[EventCountry "POL"]
[SourceTitle "CBM 182 Extra"]
[Source "ChessBase"]
[SourceDate "2018.02.23"]
[SourceVersion "1"]
[SourceVersionDate "2018.02.23"]
[SourceQuality "1"]

1. b3 b5 2. Bb2 Bb7 3. Nf3 Nf6 4. e3 a6 5. d4 d6 6. Bd3 Nbd7 7. 0-0 g6 8. Nbd2 Bg7 9. e4 e6 10. Re1 0-0 11. c4 c6 12. Qc2 Re8 13. e5 dxe5 14. dxe5 Nh5 15. Ne4 Bf8 16. Bf1 bxc4 17. bxc4 c5 18. Rad1 Bxe4 19. Qxe4 Qc7 20. g4 Ng7 21. Qe3 Nb6 22. Ng5 Red8 23. Ne4 Ne8 24. f4 Be7 25. Bc3 Na4 26. Ba1 Rxd1 27. Rxd1 Rd8 28. Rxd8 Qxd8 29. Qb3 Qd7 30. Kf2 Bh4+ 31. Ke3 Be1 32. Bd3 Qc6 33. Qb8 Bh4 34. g5 Kf8 35. Nf6 1-0

[Event "POL-chT 2nd League"]
[Site "Szczyrk"]
[Date "2014.09.14"]
[Round "9.74"]
[White "Cukrowski, Filip"]
[Black "Siwiec, Bartlomiej"]
[Result "0-1"]
[WhiteElo "2170"]
[BlackElo "2211"]
[PlyCount "102"]
[EventDate "2014.09.06"]
[EventType "team-swiss"]
[EventRounds "9"]
[EventCountry "POL"]
[SourceTitle "EXT 2015"]
[Source "ChessBase"]
[SourceDate "2014.11.20"]
[SourceVersion "1"]
[SourceVersionDate "2014.11.20"]
[SourceQuality "1"]
[WhiteTeam "Stara Wies Parnas"]
[BlackTeam "Bydgoszcz Hetman"]
[WhiteTeamCountry "POL"]
[BlackTeamCountry "POL"]

1. e4 e5 2. Nf3 Nc6 3. Bb5 a6 4. Bxc6 dxc6 5. 0-0 Bg4 6. h3 Bxf3 7. Qxf3 Qf6 8. Qxf6 Nxf6 9. d3 Bd6 10. Be3 0-0-0 11. Nd2 Nd7 12. Nc4 f6 13. Rfb1 Nc5 14. a4 Ne6 15. b4 b6 16. Kf1 Be7 17. f3 c5 18. b5 a5 19. Ke2 Nd4+ 20. Kd1 Bd6 21. c3 Ne6 22. Ke2 Rd7 23. Rg1 h5 24. Rad1 h4 25. Bc1 Bf8 26. Rgf1 g5 27. Be3 Rg8 28. Kf2 Be7 29. Rd2 Rgd8 30. Rfd1 Kb7 31. Ke2 Bf8 32. Na3 Be7 33. Nc2 c6 34. bxc6+ Kxc6 35. Na3 Bd6 36. Nb5 Nc7 37. d4 exd4 38. cxd4 Nxb5 39. axb5+ Kxb5 40. Rb1+ Kc6 41. Rdb2 Rb7 42. dxc5 Bxc5 43. Rc2 Rc7 44. Bxc5 bxc5 45. Rcb2 Rd6 46. Rb8 c4 47. R1b6+ Kd7 48. Rd8+ Kxd8 49. Rxd6+ Ke8 50. Rd5 c3 51. Kd1 Rd7 0-1

[Event "POL-chT 2nd League"]
[Site "Lazy"]
[Date "2012.09.01"]
[Round "1"]
[White "Licznerski, Lukasz"]
[Black "Siwiec, Bartlomiej"]
[Result "1-0"]
[WhiteElo "2306"]
[BlackElo "2216"]
[PlyCount "39"]
[EventDate "2012.09.01"]
[EventType "team-swiss"]
[EventRounds "9"]
[EventCountry "POL"]
[SourceTitle "EXT 2019"]
[Source "ChessBase"]
[SourceDate "2018.10.10"]
[SourceVersion "1"]
[SourceVersionDate "2018.10.10"]
[SourceQuality "1"]
[WhiteTeam "Bydgoszcz Chemik"]
[BlackTeam "Bydgoszcz Hetman"]
[WhiteTeamCountry "POL"]
[BlackTeamCountry "POL"]

1. e4 e5 2. Nf3 Nc6 3. Bb5 a6 4. Bxc6 dxc6 5. 0-0 Qd6 6. Na3 Be6 7. Qe2 f6 8. c3 c5 9. Rd1 g5 10. d4 g4 11. Nh4 cxd4 12. cxd4 exd4 13. Nf5 Qe5 14. Nxd4 Bxa3 15. bxa3 c5 16. Bf4 Qxf4 17. Nxe6 Qe5 18. Qxg4 Nh6 19. Qh3 Nf7 20. f4 1-0

[Event "Torun-Bydgoszcz"]
[Site "Torun"]
[Date "2009.12.13"]
[Round "?.3"]
[White "Gryniakow, Jaroslaw"]
[Black "Siwiec, Bartlomiej"]
[Result "1/2-1/2"]
[WhiteElo "2220"]
[BlackElo "2216"]
[PlyCount "21"]
[EventDate "2009.12.13"]
[EventType "team-match"]
[EventRounds "1"]
[EventCountry "POL"]
[SourceTitle "EXT 2018"]
[Source "ChessBase"]
[SourceDate "2017.10.13"]
[SourceVersion "1"]
[SourceVersionDate "2017.10.13"]
[SourceQuality "1"]

1. d4 d5 2. c4 e6 3. Nc3 Nf6 4. Nf3 Be7 5. Bf4 0-0 6. e3 c6 7. h3 Nbd7 8. cxd5 exd5 9. Bd3 Re8 10. 0-0 Nf8 11. Ne5 1/2-1/2

[Event "Bydgoszcz-Torun"]
[Site "Bydgoszcz"]
[Date "2008.12.14"]
[Round "?"]
[White "Siwiec, Bartlomiej"]
[Black "Drozdowski, Kacper"]
[Result "1/2-1/2"]
[WhiteElo "2213"]
[BlackElo "2039"]
[PlyCount "54"]
[EventDate "2008.12.14"]
[EventType "team-match"]
[EventRounds "1"]
[EventCountry "POL"]
[SourceTitle "EXT 2018"]
[Source "ChessBase"]
[SourceDate "2017.10.13"]
[SourceVersion "1"]
[SourceVersionDate "2017.10.13"]
[SourceQuality "1"]

1. d4 d5 2. Nf3 Nf6 3. c4 dxc4 4. Na3 e6 5. Nxc4 c5 6. Bg5 cxd4 7. Qxd4 Bb4+ 8. Bd2 Qe7 9. Bxb4 Qxb4+ 10. Ncd2 Qxd4 11. Nxd4 Bd7 12. e4 Nc6 13. Nxc6 Bxc6 14. Bd3 Ke7 15. Ke2 Rhd8 16. Rhd1 Nd7 17. Ke3 Nc5 18. Bf1 e5 19. Rac1 Ne6 20. f3 f6 21. g3 Rd4 22. Nc4 Rad8 23. Rxd4 Rxd4 24. Na5 Nd8 25. Bc4 Rd6 26. Bg8 h6 27. Nxc6+ Rxc6 1/2-1/2

[Event "Kolobrzeg op"]
[Site "Kolobrzeg"]
[Date "2008.08.26"]
[Round "9"]
[White "Robak, Zbigniew"]
[Black "Siwiec, Bartlomiej"]
[Result "1-0"]
[WhiteElo "2264"]
[BlackElo "2218"]
[PlyCount "52"]
[EventDate "2008.08.18"]
[EventType "swiss"]
[EventRounds "9"]
[EventCountry "POL"]
[SourceTitle "CBM 126 Extra"]
[Source "ChessBase"]
[SourceDate "2008.11.05"]
[SourceVersion "1"]
[SourceVersionDate "2008.11.05"]
[SourceQuality "1"]

1. e4 c5 2. c3 d5 3. exd5 Qxd5 4. d4 cxd4 5. cxd4 e6 6. Nc3 Qd8 7. Nf3 Nf6 8. Bc4 Nbd7 9. 0-0 Be7 10. Bf4 Nb6 11. Bb3 Bd7 12. Re1 Bc6 13. Ne5 0-0 14. Nxc6 bxc6 15. Rc1 h6 16. Be5 Nfd5 17. Na4 Rc8 18. Nc5 Bxc5 19. dxc5 Nd7 20. Bd6 Re8 21. Bc4 N7f6 22. Ba6 Qd7 23. Bxc8 Rxc8 24. Qa4 Qb7 25. b3 Nd7 26. a3 a6 1-0

[Event "Kolobrzeg op"]
[Site "Kolobrzeg"]
[Date "2008.08.25"]
[Round "8"]
[White "Siwiec, Bartlomiej"]
[Black "Ferenc, Jozef"]
[Result "1-0"]
[WhiteElo "2218"]
[BlackElo "2095"]
[PlyCount "109"]
[EventDate "2008.08.18"]
[EventType "swiss"]
[EventRounds "9"]
[EventCountry "POL"]
[SourceTitle "CBM 126 Extra"]
[Source "ChessBase"]
[SourceDate "2008.11.05"]
[SourceVersion "1"]
[SourceVersionDate "2008.11.05"]
[SourceQuality "1"]

1. c4 Nf6 2. Nc3 g6 3. e4 d6 4. d4 Bg7 5. Nf3 Bg4 6. Be2 0-0 7. Be3 c6 8. 0-0 Nbd7 9. Nd2 Bxe2 10. Qxe2 e5 11. d5 c5 12. g4 h5 13. f3 a6 14. Rf2 hxg4 15. fxg4 Nh7 16. Rg2 Bf6 17. Rf1 Bg5 18. Bxg5 Qxg5 19. Nf3 Qe7 20. g5 f6 21. Nh4 fxg5 22. Nxg6 Rxf1+ 23. Qxf1 Qf7 24. Qf5 Ndf6 25. h4 g4 26. h5 Kg7 27. Ne2 Nf8 28. Ng3 Nxg6 29. hxg6 Qxg6 30. Qe6 Qg5 31. Rf2 Rh8 32. Kg2 Rh3 33. Nf5+ Kg6 34. Nxd6 Rh2+ 35. Kxh2 g3+ 36. Kh3 gxf2 37. Qf5+ Qxf5+ 38. exf5+ Kg5 39. Kg2 Ng4 40. Kf1 b6 41. Ke2 Kf4 42. f6 Nxf6 43. Kxf2 e4 44. b3 Ke5 45. Nc8 b5 46. Ke3 bxc4 47. bxc4 Ng4+ 48. Ke2 Kd4 49. d6 Ne5 50. Nb6 Nd3 51. Nd5 Ne5 52. Nf6 Kxc4 53. Ke3 Nc6 54. Kxe4 Kb5 55. Kd5 1-0

[Event "Kolobrzeg op"]
[Site "Kolobrzeg"]
[Date "2008.08.18"]
[Round "1"]
[White "Siwiec, Bartlomiej"]
[Black "Bukowska, Katarzyna"]
[Result "1-0"]
[WhiteElo "2218"]
[BlackElo "2040"]
[PlyCount "95"]
[EventDate "2008.08.18"]
[EventType "swiss"]
[EventRounds "9"]
[EventCountry "POL"]
[SourceTitle "CBM 126 Extra"]
[Source "ChessBase"]
[SourceDate "2008.11.05"]
[SourceVersion "1"]
[SourceVersionDate "2008.11.05"]
[SourceQuality "1"]

1. Nf3 d5 2. g3 Nf6 3. Bg2 e6 4. 0-0 Be7 5. b3 0-0 6. Bb2 b6 7. d3 Bb7 8. Nbd2 Nbd7 9. c4 c5 10. Qc2 Rc8 11. e4 d4 12. b4 e5 13. b5 a5 14. bxa6 Bxa6 15. Bh3 b5 16. cxb5 Bxb5 17. a4 Ba6 18. Nc4 Bxc4 19. Qxc4 Rb8 20. Rfb1 Rb4 21. Qc2 Qa5 22. Nd2 Rfb8 23. Nc4 Qa6 24. a5 h5 25. Bc1 Bd8 26. Bd2 Rxb1+ 27. Rxb1 Rxb1+ 28. Qxb1 Bc7 29. Qb3 Nb8 30. Qa4 Qb7 31. Kg2 Na6 32. Bg5 Nb4 33. Bxf6 gxf6 34. Qe8+ Kg7 35. Be6 Bb8 36. Bxf7 Qxf7 37. Qxb8 Nxd3 38. Nd6 Qd7 39. Nf5+ Kf7 40. a6 Nb4 41. a7 Nc6 42. Qb5 Qxa7 43. Qxc6 Kg6 44. Qc8 Kf7 45. Qh8 Qd7 46. Qg7+ Ke6 47. Qg8+ Qf7 48. Qd8 1-0

[Event "Torun-ch"]
[Site "Torun"]
[Date "2006.??.??"]
[Round "5"]
[White "Jablonski, Miroslaw"]
[Black "Siwiec, Bartlomiej"]
[Result "0-1"]
[WhiteElo "2062"]
[BlackElo "2255"]
[PlyCount "88"]
[EventDate "2006.??.??"]
[EventType "swiss"]
[EventRounds "9"]
[EventCountry "POL"]
[SourceTitle "EXT 2007"]
[Source "ChessBase"]
[SourceDate "2006.11.23"]
[SourceVersion "1"]
[SourceVersionDate "2006.11.23"]
[SourceQuality "1"]

1. d4 Nf6 2. c4 g6 3. Nc3 Bg7 4. e4 0-0 5. Nf3 c5 6. d5 b5 7. cxb5 a6 8. b6 d6 9. Be2 Nbd7 10. 0-0 Nxb6 11. h3 Nfd7 12. Bf4 f5 13. Ng5 Ne5 14. Bh2 f4 15. g4 h6 16. Nf3 Nxf3+ 17. Bxf3 Nc4 18. Qc2 Ne5 19. Bh1 Rb8 20. Nd1 Bd7 21. Nc3 Rb4 22. Rfe1 Qb6 23. Rab1 g5 24. a3 Rb3 25. Bg2 Rb8 26. Kh1 Rxb2 27. Rxb2 Qxb2 28. Qxb2 Rxb2 29. Rb1 Rxf2 30. Bg1 Rc2 31. Nd1 Bb5 32. Nf2 Nc4 33. e5 Nd2 34. Be4 Nxb1 35. Bxc2 Nxa3 36. Bb3 Bxe5 37. Ne4 Be2 38. Nxc5 Nc4 39. Nd7 Nd2 40. Nxe5 dxe5 41. d6+ Kg7 42. Bc4 Bxc4 43. d7 Bd5+ 44. Kh2 Nf1# 0-1

[Event "Torun-ch"]
[Site "Torun"]
[Date "2006.??.??"]
[Round "3"]
[White "Siwiec, Bartlomiej"]
[Black "Fladrowski, Bartosz"]
[Result "1-0"]
[WhiteElo "2255"]
[BlackElo "2093"]
[PlyCount "71"]
[EventDate "2006.??.??"]
[EventType "swiss"]
[EventRounds "9"]
[EventCountry "POL"]
[SourceTitle "EXT 2007"]
[Source "ChessBase"]
[SourceDate "2006.11.23"]
[SourceVersion "1"]
[SourceVersionDate "2006.11.23"]
[SourceQuality "1"]

1. d4 d5 2. c4 e6 3. Nc3 c6 4. cxd5 exd5 5. Nf3 f5 6. Bf4 Be7 7. g3 Nf6 8. Be5 0-0 9. Bxf6 Rxf6 10. e3 Nd7 11. Bg2 Qe8 12. 0-0 Bd6 13. Ne2 Rh6 14. Nf4 Nf6 15. Re1 Ne4 16. h4 Be6 17. Ne5 Bf7 18. Ned3 Qe7 19. a3 Kh8 20. Qc2 Rg8 21. b4 g5 22. hxg5 Rxg5 23. Qb2 Be8 24. Nc5 Bxf4 25. exf4 Rgh5 26. f3 Qg7 27. Qf2 Rh3 28. Nxe4 fxe4 29. Bxh3 Rxh3 30. Kg2 Bh5 31. fxe4 dxe4 32. Rxe4 Qh6 33. Qe3 Bf7 34. Re8+ Bxe8 35. Qxe8+ Kg7 36. Qd7+ 1-0

[Event "Torun-ch"]
[Site "Torun"]
[Date "2006.??.??"]
[Round "4"]
[White "Sosnowski, Daniel Konrad"]
[Black "Siwiec, Bartlomiej"]
[Result "0-1"]
[WhiteElo "1884"]
[BlackElo "2255"]
[PlyCount "70"]
[EventDate "2006.??.??"]
[EventType "swiss"]
[EventRounds "9"]
[EventCountry "POL"]
[SourceTitle "EXT 2007"]
[Source "ChessBase"]
[SourceDate "2006.11.23"]
[SourceVersion "1"]
[SourceVersionDate "2006.11.23"]
[SourceQuality "1"]

1. e4 e5 2. Nf3 Nc6 3. c3 Nf6 4. d4 exd4 5. e5 Nd5 6. cxd4 d6 7. Bb5 Bg4 8. Qb3 Bxf3 9. Qxf3 dxe5 10. dxe5 Bb4+ 11. Nc3 0-0 12. 0-0 Bxc3 13. bxc3 Nxe5 14. Qg3 Qf6 15. Bg5 Qb6 16. Rab1 Ng6 17. Rfd1 c6 18. Bc4 Qc5 19. Bxd5 cxd5 20. Rxb7 Rac8 21. Qf3 d4 22. Bc1 Qxc3 23. Qxc3 dxc3 24. Rxa7 Rfe8 25. Kf1 Ne5 26. f3 c2 27. Rd5 h6 28. Raa5 Nc6 29. Rab5 Red8 30. a3 Ne7 31. Re5 Rd1+ 32. Re1 Rcd8 33. Rbe5 Nc6 34. R5e2 Nd4 35. Rf2 Re8 0-1

[Event "POL-chT 2nd League"]
[Site "Wysowa"]
[Date "2005.09.02"]
[Round "7.74"]
[White "Siwiec, Bartlomiej"]
[Black "Myc, Marcin"]
[Result "1/2-1/2"]
[WhiteElo "2252"]
[BlackElo "2295"]
[PlyCount "89"]
[EventDate "2005.08.27"]
[EventType "team-swiss"]
[EventRounds "9"]
[EventCountry "POL"]
[SourceTitle "EXT 2019"]
[Source "ChessBase"]
[SourceDate "2018.10.10"]
[SourceVersion "1"]
[SourceVersionDate "2018.10.10"]
[SourceQuality "1"]
[WhiteTeam "Swiecie Gambit"]
[BlackTeam "Wegrow SRSDiM"]
[WhiteTeamCountry "POL"]
[BlackTeamCountry "POL"]

1. d4 d5 2. c4 Nc6 3. Nf3 Bg4 4. Qa4 Nf6 5. Ne5 Bd7 6. Nxd7 Nxd7 7. c5 e5 8. e3 a6 9. Nc3 exd4 10. exd4 g6 11. Be3 Bg7 12. Rd1 Nf6 13. Be2 0-0 14. 0-0 Qd7 15. Bf3 Rab8 16. Bg5 Rfd8 17. Rfe1 Qf5 18. Bh4 Rd7 19. Re5 Nxe5 20. dxe5 d4 21. exf6 dxc3 22. Qxd7 c2 23. Qd4 cxd1Q+ 24. Bxd1 Bf8 25. b4 Re8 26. g4 Qe4 27. Qd7 Qe1+ 28. Kg2 Qe6 29. Qd3 Qe4+ 30. Qxe4 Rxe4 31. a3 c6 32. Kf3 Rc4 33. Bg3 a5 34. bxa5 Rc3+ 35. Ke4 Rxa3 36. Bd6 Rxa5 37. Ke5 Bxd6+ 38. Kxd6 Kf8 39. h4 b6 40. cxb6 Rd5+ 41. Kxc6 Rxd1 42. b7 Rc1+ 43. Kd6 Rb1 44. Kc7 Rc1+ 45. Kd7 1/2-1/2

[Event "POL-chT 2nd League"]
[Site "Wysowa"]
[Date "2005.09.01"]
[Round "6.56"]
[White "Kujawski, Ryszard"]
[Black "Siwiec, Bartlomiej"]
[Result "0-1"]
[WhiteElo "2224"]
[BlackElo "2252"]
[PlyCount "104"]
[EventDate "2005.08.27"]
[EventType "team-swiss"]
[EventRounds "9"]
[EventCountry "POL"]
[SourceTitle "EXT 2019"]
[Source "ChessBase"]
[SourceDate "2018.10.10"]
[SourceVersion "1"]
[SourceVersionDate "2018.10.10"]
[SourceQuality "1"]
[WhiteTeam "Gniezno LKS Chrobry"]
[BlackTeam "Swiecie Gambit"]
[WhiteTeamCountry "POL"]
[BlackTeamCountry "POL"]

1. d4 Nf6 2. Bg5 Ne4 3. Bf4 c5 4. f3 Nf6 5. d5 Qb6 6. Be5 d6 7. Bc3 g6 8. e4 Bh6 9. Nd2 0-0 10. Nc4 Qd8 11. a4 e6 12. Nxd6 Qxd6 13. Bxf6 exd5 14. Bc3 Be6 15. Bc4 d4 16. Bxe6 Qxe6 17. Bd2 Bxd2+ 18. Kxd2 Nc6 19. Ne2 f5 20. Ng3 Qc4 21. exf5 d3 22. Kc1 Nb4 23. c3 Rad8 24. Qd2 Nc2 25. Rb1 Nd4 26. Kd1 Rfe8 27. b3 Nxb3 28. Qa2 Na5 29. Qxc4+ Nxc4 30. fxg6 Ne3+ 31. Kd2 Nc4+ 32. Kd1 Re6 33. gxh7+ Kh8 34. Ne4 Rb6 35. Rb5 Rxb5 36. axb5 b6 37. Nd2 Na3 38. Ne4 Nxb5 39. Kd2 Na3 40. Ke3 Nc4+ 41. Kf4 Kxh7 42. g4 a5 43. h4 a4 44. h5 d2 45. Ng5+ Kg8 46. h6 Rf8+ 47. Kg3 Ne3 48. h7+ Kh8 49. Ne6 Rf6 50. g5 Rxe6 51. f4 Nf5+ 52. Kg4 Re1 0-1

[Event "POL-chT 2nd League"]
[Site "Polanica Zdroj"]
[Date "2004.09.08"]
[Round "6"]
[White "Mickiewicz, Piotr"]
[Black "Siwiec, Bartlomiej"]
[Result "1/2-1/2"]
[WhiteElo "2283"]
[BlackElo "2234"]
[PlyCount "63"]
[EventDate "2004.09.04"]
[EventType "team-swiss"]
[EventRounds "11"]
[EventCountry "POL"]
[SourceTitle "CBM 102 Extra"]
[Source "ChessBase"]
[SourceDate "2004.11.03"]
[SourceVersion "1"]
[SourceVersionDate "2004.11.03"]
[SourceQuality "1"]
[WhiteTeam "Koszalin Hetman Politechnika"]
[BlackTeam "Swiecie Gambit"]
[WhiteTeamCountry "POL"]
[BlackTeamCountry "POL"]

1. d4 c5 2. d5 e5 3. e4 d6 4. Nc3 Be7 5. Nf3 Bg4 6. h3 Bxf3 7. Qxf3 Bg5 8. Bxg5 Qxg5 9. Nb5 Qd8 10. Qg4 Nf6 11. Qxg7 Rg8 12. Qh6 Rg6 13. Qe3 a6 14. Nc3 b5 15. g3 Nbd7 16. a4 Qa5 17. Be2 c4 18. 0-0 b4 19. Nb1 Qc5 20. Qxc5 Nxc5 21. f3 Nh5 22. g4 Nf4 23. Kf2 h5 24. Rh1 b3 25. cxb3 Nxb3 26. Ra2 Rc8 27. Nc3 Rh6 28. gxh5 Rxh5 29. h4 Ke7 30. Ra3 Nd4 31. Bf1 Nc2 32. Ra2 1/2-1/2

[Event "POL-chT 2nd League"]
[Site "Polanica Zdroj"]
[Date "2004.09.06"]
[Round "4"]
[White "Suleja, Jaroslaw"]
[Black "Siwiec, Bartlomiej"]
[Result "0-1"]
[WhiteElo "2248"]
[BlackElo "2234"]
[PlyCount "67"]
[EventDate "2004.09.04"]
[EventType "team-swiss"]
[EventRounds "11"]
[EventCountry "POL"]
[SourceTitle "CBM 102 Extra"]
[Source "ChessBase"]
[SourceDate "2004.11.03"]
[SourceVersion "1"]
[SourceVersionDate "2004.11.03"]
[SourceQuality "1"]
[WhiteTeam "Wroclaw AZS Politechnika"]
[BlackTeam "Swiecie Gambit"]
[WhiteTeamCountry "POL"]
[BlackTeamCountry "POL"]

1. e4 a6 2. d4 b5 3. a4 Bb7 4. axb5 Bxe4 5. Nf3 axb5 6. Rxa8 Bxa8 7. Bxb5 Nf6 8. 0-0 e6 9. c3 c5 10. dxc5 Bxc5 11. b4 Be7 12. Ne5 Qc7 13. Bf4 Qb7 14. Qf3 Qxb5 15. Qxa8 0-0 16. Qf3 d5 17. Nd2 Nc6 18. Qd3 Qb7 19. Ra1 Ra8 20. Rxa8+ Qxa8 21. Nxc6 Qxc6 22. Bg5 h6 23. Bxf6 Bxf6 24. Nb1 Qa4 25. g3 Qb3 26. Qf1 g6 27. Qc1 Bg5 28. Qe1 Qb2 29. Qf1 e5 30. f4 exf4 31. gxf4 Bd8 32. Qe1 Bf6 33. f5 g5 34. h3 0-1

[Event "POL-chT 2nd League"]
[Site "Wysowa"]
[Date "2003.09.13"]
[Round "10"]
[White "Stachowiak, Kamil"]
[Black "Siwiec, Bartlomiej"]
[Result "1-0"]
[WhiteElo "2203"]
[BlackElo "2242"]
[PlyCount "53"]
[EventDate "2003.09.06"]
[EventType "team-swiss"]
[EventRounds "11"]
[EventCountry "POL"]
[SourceTitle "CBM 096 Extra"]
[Source "ChessBase"]
[SourceDate "2003.10.22"]
[SourceVersion "2"]
[SourceVersionDate "2003.10.20"]
[SourceQuality "1"]
[WhiteTeam "Wroclaw Srodmiescie"]
[BlackTeam "Bydgoszcz AZS AB"]
[WhiteTeamCountry "POL"]
[BlackTeamCountry "POL"]

1. e4 g6 2. d4 Bg7 3. Nc3 c6 4. Be3 d5 5. e5 Qb6 6. Na4 Qa5+ 7. c3 Nd7 8. b4 Qc7 9. Bd3 Nf8 10. Ne2 h5 11. Qc2 Nh6 12. c4 dxc4 13. Bxc4 Bf5 14. Qc3 e6 15. Rc1 Nd7 16. f3 Qd8 17. b5 Rc8 18. bxc6 Rxc6 19. Qb4 Rc7 20. 0-0 Qe7 21. Qd2 a6 22. Bxa6 Rxc1 23. Rxc1 0-0 24. Bb5 Nb8 25. Bxh6 Bxh6 26. Qxh6 Qb4 27. Nac3 1-0

[Event "POL-chT 2nd League"]
[Site "Wysowa"]
[Date "2003.09.07"]
[Round "2"]
[White "Siwiec, Bartlomiej"]
[Black "Chojnacki, Slawomir"]
[Result "0-1"]
[WhiteElo "2242"]
[BlackElo "2230"]
[PlyCount "50"]
[EventDate "2003.09.06"]
[EventType "team-swiss"]
[EventRounds "11"]
[EventCountry "POL"]
[SourceTitle "CBM 096 Extra"]
[Source "ChessBase"]
[SourceDate "2003.10.22"]
[SourceVersion "2"]
[SourceVersionDate "2003.10.20"]
[SourceQuality "1"]
[WhiteTeam "Bydgoszcz AZS AB"]
[BlackTeam "Chroscice Victoria"]
[WhiteTeamCountry "POL"]
[BlackTeamCountry "POL"]

1. d4 f5 2. e4 fxe4 3. Nc3 Nf6 4. f3 Nc6 5. d5 Ne5 6. Bf4 d6 7. Bxe5 dxe5 8. fxe4 e6 9. Bb5+ Bd7 10. dxe6 Bxb5 11. Nxb5 c6 12. Nc3 Qb6 13. Nh3 Bb4 14. Qf3 0-0-0 15. Ng5 Rhe8 16. Rd1 h6 17. Rxd8+ Qxd8 18. Nf7 Qd4 19. Ke2 Bxc3 20. bxc3 Qc5 21. Qd3 Kc7 22. Rb1 b6 23. Rd1 b5 24. Kf1 Qc4 25. Nxe5 Qxe6 0-1

[Event "POL-chT 2nd League"]
[Site "Wysowa"]
[Date "2003.09.07"]
[Round "3"]
[White "Siwiec, Bartlomiej"]
[Black "Latas, Boguslaw"]
[Result "1/2-1/2"]
[WhiteElo "2242"]
[BlackElo "2275"]
[PlyCount "117"]
[EventDate "2003.09.06"]
[EventType "team-swiss"]
[EventRounds "11"]
[EventCountry "POL"]
[SourceTitle "CBM 096 Extra"]
[Source "ChessBase"]
[SourceDate "2003.10.22"]
[SourceVersion "2"]
[SourceVersionDate "2003.10.20"]
[SourceQuality "1"]
[WhiteTeam "Bydgoszcz AZS AB"]
[BlackTeam "Krakow Korona"]
[WhiteTeamCountry "POL"]
[BlackTeamCountry "POL"]

1. Nf3 Nf6 2. d4 g6 3. c4 Bg7 4. Nc3 0-0 5. e4 d6 6. Be2 Na6 7. Be3 c6 8. 0-0 Ng4 9. Bg5 f6 10. Bh4 e5 11. d5 c5 12. Ne1 Nh6 13. Nc2 Qd7 14. a3 f5 15. f3 f4 16. b4 Bf6 17. Bf2 b6 18. Qd2 Qe7 19. b5 Nc7 20. a4 Bh4 21. a5 Bxf2+ 22. Rxf2 g5 23. g4 Bd7 24. Rff1 Nf7 25. Ra3 h5 26. gxh5 Bh3 27. Rfa1 g4 28. Nd1 Qh4 29. fxg4 Bxg4 30. Bxg4 Qxg4+ 31. Qg2 Qxg2+ 32. Kxg2 Kh7 33. axb6 Rg8+ 34. Kh1 axb6 35. Ra7 Rac8 36. Rb7 Ng5 37. Nf2 Nf3 38. Rxb6 Ra8 39. Rc1 Ra2 40. Nh3 Ne8 41. Ra6 Rb2 42. Raa1 Nd2 43. Ne1 Nf6 44. Rc2 Rxc2 45. Nxc2 Ndxe4 46. b6 Ng4 47. Kg2 Ne3+ 48. Kf3 Nd2+ 49. Ke2 Nexc4 50. Ng5+ Kh6 51. b7 Rb8 52. Nf7+ Kxh5 53. Nd8 f3+ 54. Kf2 Nb6 55. Ra6 Nd7 56. Ra8 Kg4 57. Rxb8 Nxb8 58. Nc6 Na6 59. b8Q 1/2-1/2

[Event "Bydgoszcz-Torun"]
[Site "Bydgoszcz"]
[Date "2002.12.15"]
[Round "1"]
[White "Siwiec, Bartlomiej"]
[Black "Jablonski, Jerzy"]
[Result "0-1"]
[WhiteElo "2228"]
[BlackElo "2115"]
[PlyCount "58"]
[EventDate "2002.12.15"]
[EventType "team-match"]
[EventRounds "1"]
[EventCountry "POL"]
[SourceTitle "EXT 2018"]
[Source "ChessBase"]
[SourceDate "2017.10.13"]
[SourceVersion "1"]
[SourceVersionDate "2017.10.13"]
[SourceQuality "1"]

1. Nf3 d5 2. b3 c5 3. e3 Nc6 4. Bb2 Nf6 5. Bb5 Qb6 6. Qe2 a6 7. Bxc6+ bxc6 8. Ne5 Bf5 9. d3 e6 10. g4 Bg6 11. h4 h5 12. g5 Nd7 13. Nxg6 fxg6 14. Nc3 Qc7 15. e4 d4 16. Na4 Bd6 17. Qf3 Rf8 18. Qh3 Ke7 19. 0-0 Rf7 20. c3 Raf8 21. Kg2 Rf4 22. Bc1 Rg4+ 23. Kh1 dxc3 24. Be3 Bf4 25. Rg1 Bxe3 26. fxe3 Rf2 27. Nxc3 Ne5 28. Raf1 Nf3 29. Rxf2 Rxg1# 0-1

[Event "POL-chT 58th 1st League"]
[Site "Ustron"]
[Date "2002.??.??"]
[Round "?"]
[White "Robak, Zbigniew"]
[Black "Siwiec, Bartlomiej"]
[Result "1/2-1/2"]
[WhiteElo "2279"]
[BlackElo "2205"]
[PlyCount "41"]
[EventDate "2002.09.07"]
[EventType "team-tourn"]
[EventRounds "9"]
[EventCountry "POL"]
[SourceTitle "EXT 2019"]
[Source "ChessBase"]
[SourceDate "2018.10.10"]
[SourceVersion "1"]
[SourceVersionDate "2018.10.10"]
[SourceQuality "1"]
[WhiteTeam "Bydgoszcz Chemik"]
[BlackTeam "Swiecie Gambit"]
[WhiteTeamCountry "POL"]
[BlackTeamCountry "POL"]

1. e4 a6 2. d4 b5 3. Bd3 Bb7 4. Nf3 d6 5. a4 c6 6. 0-0 Nd7 7. Nbd2 Qc7 8. Re1 e5 9. c3 Ngf6 10. Nf1 g6 11. Ng3 Bg7 12. h3 0-0 13. Be3 Rfe8 14. dxe5 dxe5 15. c4 b4 16. c5 Nf8 17. Nd2 Ne6 18. a5 Rad8 19. Qc2 Bf8 20. Nb3 Bc8 21. Re2 1/2-1/2

[Event "POL-chT 2nd div North"]
[Site "Lublin"]
[Date "1999.??.??"]
[Round "1"]
[White "Siwiec, Bartlomiej"]
[Black "Walaszczyk, Witold"]
[Result "1-0"]
[WhiteElo "2240"]
[BlackElo "2240"]
[PlyCount "60"]
[EventDate "1999.09.11"]
[EventType "team-swiss"]
[EventRounds "8"]
[EventCountry "POL"]
[SourceTitle "EXT 2003"]
[Source "ChessBase"]
[SourceDate "2002.11.25"]
[SourceVersion "1"]
[SourceVersionDate "2002.11.25"]
[SourceQuality "1"]
[WhiteTeam "Bydgoszcz Chemik"]
[BlackTeam "Konin Gornik"]
[WhiteTeamCountry "POL"]
[BlackTeamCountry "POL"]

1. d4 d5 2. c4 c6 3. Nf3 Nf6 4. Nc3 e6 5. cxd5 cxd5 6. Bf4 Nc6 7. e3 Bd6 8. Bxd6 Qxd6 9. Be2 0-0 10. 0-0 Bd7 11. a3 Rac8 12. Rc1 Rfd8 13. b4 a5 14. b5 Ne7 15. Qb3 b6 16. Ne5 Ne4 17. Nxe4 dxe4 18. f3 Nf5 19. Nxf7 Nxd4 20. Nxd6 Nxb3 21. Rxc8 Bxc8 22. Nxe4 Kf7 23. Rd1 Ke7 24. Rxd8 Kxd8 25. Bc4 Na1 26. Kf2 Nc2 27. a4 Ke7 28. Ke2 Nb4 29. Kd2 h6 30. Nf2 Bb7 1-0